• 首页
  • 本馆介绍
  • 公告通知
  • 最新文献
  • 馆藏检索
  • 电子资源
  • 读者导购
  • 参考咨询
  • 我的图书馆
  • 登录
  • 详细信息显示
  • 放入我的书架
  • 预约/预借图书
  • 作者相关作品
  • 分类相关作品
  • 丛书相关作品
  • 出版社相关作品

书目信息

  • 表格格式
  • 工作单格式
  • 卡片格式
题名:
性文化与法
    
 
作者: 谈大正
分册:  
出版信息: 上海   上海人民出版社  1998
页数:
开本:
丛书名: 社会转型与法律学术丛书
单 册:
中图分类: G1
科图分类:
主题词: 文化事业--概况--世界 , 文化事业--基本建设
电子资源:
ISBN: 7-208-02728-5
000 00579nam0 2200205 450
001 0734081268
005 20071007092801.28
010    @a7-208-02728-5
100    @a20071007d km y0chiy0120 ea
101 0  @achi
200 1  @a性文化与法@Axing wen hua yu fa@f谈大正@Ftan da zheng
210    @a上海@c上海人民出版社@d1998
225 2  @a社会转型与法律学术丛书
410  0 @12001 @a社会转型与法律学术丛书
606 0  @a文化事业@x概况@x世界
606 0  @a文化事业@x基本建设
690    @aG1@v3
701  0 @a谈大正@Atan da zheng
801  0 @aCN@bPFT@c20071007
905    @a213230@dG1@ea32@f1
    
    性文化与法/谈大正.-上海:上海人民出版社,1998
    (社会转型与法律学术丛书)
    
    
    ISBN 7-208-02728-5:
    
●
相关链接 在E读中查询图书 在五车中查询图书 在当当中查询图书 在豆瓣中查询图书


正题名:性文化与法     索取号:G1/a32         预约/预借

序号 登录号 条形码 馆藏地/架位号 状态 备注
1 7505582   275055823   密集书库-史法系/ [索取号:G1/a32] 在馆    
唐山师范学院图书馆 欢迎您!
大连网信软件有限公司© 版权所有